书目信息 |
| 题名: |
别给孕妇这样吃
|
|
| 作者: | 孔令谦 著 | |
| 分册: | ||
| 出版信息: | 北京 北京出版社 2007.05 |
|
| 页数: | 114页 | |
| 开本: | 22cm | |
| 丛书名: | 好好吃系列丛书 | |
| 单 册: | ||
| 中图分类: | R155.1 | |
| 科图分类: | ||
| 主题词: | 食品卫生 | |
| 电子资源: | ||
| ISBN: | 978-7-200-06780-4 | |
| 000 | 00867 nam 000277 | |
| 001 | 0100010237 | |
| 005 | 20100803165430.24 | |
| 010 | @a978-7-200-06780-4@dCNY16.80 | |
| 100 | @a20100731d1997 em y0chiy0121 ea | |
| 101 | @achi | |
| 102 | @aCN@b110000 | |
| 105 | @ay z 000yy | |
| 200 | 10 | @a别给孕妇这样吃@Abie gei yun fu zhe yang chi@f孔令谦著@Fkong ling qian zhu |
| 210 | @a北京@c北京出版社@d2007.05 | |
| 215 | @a114页@d22cm | |
| 225 | @a好好吃系列丛书 | |
| 300 | @a孔伯华养生医馆推荐 | |
| 330 | @a本书针对孕妇的饮食特征,从营养补充、日常饮食和孕产期健康三个方面,纠正其惯性饮食思维,培养科学的健康观念。 | |
| 410 | 0 | @12001 @a好好吃系列丛书 |
| 540 | @a别给孕妇这样吃 | |
| 606 | @a食品卫生 | |
| 690 | @aR155.1@v4 | |
| 701 | 0 | @a孔令谦@Akong ling qian@4著 |
| 801 | @aCN@bDYGS@c20100803 | |
| 901 | @a210902 | |
| 905 | @b971396-8@dR155.1@eK750-2@f3 | |
| 别给孕妇这样吃/孔令谦著.-北京:北京出版社,2007.05 |
| 114页;22cm.-(好好吃系列丛书) |
| 孔伯华养生医馆推荐 |
| ISBN 978-7-200-06780-4:CNY16.80 |
| 本书针对孕妇的饮食特征,从营养补充、日常饮食和孕产期健康三个方面,纠正其惯性饮食思维,培养科学的健康观念。 |
| ● |
| 相关链接 |
|
|
|
正题名:别给孕妇这样吃
索取号:R155.1/K750-2
 
预约/预借
| 序号 | 登录号 | 条形码 | 馆藏地/架位号 | 状态 | 备注 |
| 1 | 971396 | 209713960 | 自科库401/401自科库 2排4列1层/ [索取号:R155.1/K750-2] | 在馆 | |
| 2 | 971397 | 209713979 | 自科库401/401自科库 2排4列1层/ [索取号:R155.1/K750-2] | 在馆 | |
| 3 | 971398 | 209713988 | 自科库401/401自科库 2排4列1层/ [索取号:R155.1/K750-2] | 在馆 |